| 000 | 00479nam a2200157Ia 4500 | ||
|---|---|---|---|
| 005 | 20250519012640.0 | ||
| 008 | 240331s9999 xx 000 0 und d | ||
| 020 | _a9552068223 | ||
| 082 |
_a300 _bSRI |
||
| 100 | _aSri Ranjan,G.D.D | ||
| 245 | 0 | _aSri Lanka samajayehi daraka samajanuyojanaya pilibanda samaja vidyathmaka vimarshanayak | |
| 260 |
_aColombo _bS. Godage & Brothers _c2004 |
||
| 300 | _aXvi, 200 p ., | ||
| 500 | _aA Book on Sri Lankan Society & Sociology | ||
| 942 | _cL | ||
| 999 |
_c978 _d978 |
||